Plants and vegetation. (Record no. 7356)

MARC details
000 -LEADER
fixed length control field 01387cam a22003497a 4500
001 - CONTROL NUMBER
control field 14991511
003 - CONTROL NUMBER IDENTIFIER
control field OSt
005 - DATE AND TIME OF LATEST TRANSACTION
control field 20211008115415.0
008 - FIXED-LENGTH DATA ELEMENTS--GENERAL INFORMATION
fixed length control field 070901s2007 enkab b 001 0 eng d
010 ## - LIBRARY OF CONGRESS CONTROL NUMBER
LC control number 2007279819
015 ## - NATIONAL BIBLIOGRAPHY NUMBER
National bibliography number GBA664628
Source bnb
016 7# - NATIONAL BIBLIOGRAPHIC AGENCY CONTROL NUMBER
Record control number 013517176
Source Uk
020 ## - INTERNATIONAL STANDARD BOOK NUMBER
International Standard Book Number 9780521864800 (hbk.)
020 ## - INTERNATIONAL STANDARD BOOK NUMBER
International Standard Book Number 0521864801 (hbk.)
035 ## - SYSTEM CONTROL NUMBER
System control number (OCoLC)ocm70764872
040 ## - CATALOGING SOURCE
Original cataloging agency UKM
Transcribing agency DDC
Modifying agency BAKER
-- BWKUK
-- YDXCP
-- BTCTA
-- DLC
042 ## - AUTHENTICATION CODE
Authentication code lccopycat
050 00 - LIBRARY OF CONGRESS CALL NUMBER
Classification number QK901
Item number .K34 2007
082 04 - DEWEY DECIMAL CLASSIFICATION NUMBER
Classification number 582KED 2007.
100 1# - MAIN ENTRY--PERSONAL NAME
Personal name Keddy,Paul A.;
Dates associated with a name 1953-
9 (RLIN) 15072
245 10 - TITLE STATEMENT
Title Plants and vegetation.
Remainder of title Origins, Processes, Consequences.
Statement of responsibility, etc. Edited by Keddy,Paul A.;
260 ## - PUBLICATION, DISTRIBUTION, ETC. (IMPRINT)
Place of publication, distribution, etc. New York.
Name of publisher, distributor, etc. Cambridge University Press,
Date of publication, distribution, etc. 2007.
300 ## - PHYSICAL DESCRIPTION
Extent xxi,683p;
Other physical details ill.,maps.
Dimensions 26cm.
504 ## - BIBLIOGRAPHY, ETC. NOTE
Bibliography, etc Includes; bibliographical references (p. [612]-666) and index.
650 #0 - SUBJECT ADDED ENTRY--TOPICAL TERM
Topical term or geographic name as entry element Biology.
9 (RLIN) 5602
856 42 - ELECTRONIC LOCATION AND ACCESS
Materials specified Contributor biographical information
Uniform Resource Identifier <a href="http://www.loc.gov/catdir/enhancements/fy0803/2007279819-b.html">http://www.loc.gov/catdir/enhancements/fy0803/2007279819-b.html</a>
856 42 - ELECTRONIC LOCATION AND ACCESS
Materials specified Publisher description
Uniform Resource Identifier <a href="http://www.loc.gov/catdir/enhancements/fy0803/2007279819-d.html">http://www.loc.gov/catdir/enhancements/fy0803/2007279819-d.html</a>
856 41 - ELECTRONIC LOCATION AND ACCESS
Materials specified Table of contents only
Uniform Resource Identifier <a href="http://www.loc.gov/catdir/enhancements/fy0803/2007279819-t.html">http://www.loc.gov/catdir/enhancements/fy0803/2007279819-t.html</a>
906 ## - LOCAL DATA ELEMENT F, LDF (RLIN)
a 7
b cbc
c copycat
d 2
e ncip
f 20
g y-gencatlg
942 ## - ADDED ENTRY ELEMENTS (KOHA)
Source of classification or shelving scheme Dewey Decimal Classification
Koha item type Open Shelf
Holdings
Withdrawn status Lost status Source of classification or shelving scheme Damaged status Not for loan Home library Current library Date acquired Source of acquisition Inventory number Total Checkouts Full call number Barcode Date last seen Price effective from Koha item type
    Dewey Decimal Classification     MUST Main Library MUST Main Library 08/10/2021 donation 09/31288   582KED 2007. 2021-1459 08/10/2021 08/10/2021 Open Shelf